| 000 | 00572nam a2200217Ia 4500 | ||
|---|---|---|---|
| 008 | 160819s9999 xx 000 0 und d | ||
| 020 | _a978-1-85626-631-4 | ||
| 050 | _aCUL TX 719 | ||
| 050 | _b.M65 2006 | ||
| 100 | _aMoine, Marie-Pierre. | ||
| 245 | 4 | _aThe Festive food of France / | |
| 245 | _cMarie-Pierre Moine. | ||
| 260 | _aLondon : | ||
| 260 | _bKyle Cathie Limited, | ||
| 260 | _c2006 | ||
| 300 | _a92 pages : | ||
| 300 | _bcolor illustrations ; | ||
| 300 | _c21 cm. | ||
| 650 | _aCooking, French. | ||
| 650 | _xFrench -- Social lifes and customs. | ||
| 999 |
_c300682 _d300682 |
||